XXV Congreso de ciencias del mar y XI Congreso Latinoamericano de ciencias del mar
Сохранить в:
| Корпоративные авторы: | , , |
|---|---|
| Формат: | |
| Язык: | испанский |
| Опубликовано: |
Valparaíso
Pontificia Universidad Católica de Valparaíso
2005
|
| Предметы: | |
| Метки: |
Добавить метку
Нет меток, Требуется 1-ая метка записи!
|
MARC
| LEADER | 00000cam a2200000 a 4500 | ||
|---|---|---|---|
| 001 | UCK4693 | ||
| 003 | CL-VaPUC | ||
| 005 | 20220413074214.0 | ||
| 008 | 050617e20050500cl 1 spa d | ||
| 082 | 0 | 4 | |a 551.46007 |b PON |2 21 |
| 110 | 2 | |a Pontificia Universidad Católica de Valparaíso. Escuela de Ciencias del Mar |e author |9 620745 | |
| 710 | 2 | |a Sociedad Chilena de Ciencias del Mar |e author |9 620746 | |
| 710 | 2 | |a Asociación Latinoamericana de Investigadores en Ciencias del Mar |e author |9 620747 | |
| 245 | 1 | 0 | |a XXV Congreso de ciencias del mar y XI Congreso Latinoamericano de ciencias del mar |
| 260 | |a Valparaíso |b Pontificia Universidad Católica de Valparaíso |c 2005 | ||
| 300 | |a 446 p | ||
| 583 | |a last modification |c 20190826 09:16:12 |k Rodrigo Vera | ||
| 650 | 0 | 7 | |a OCEANOGRAFIA INVESTIGACIONES |2 CL-VaPUC |9 262182 |
| 650 | 0 | 0 | |a Biología marina |9 259965 |
| 650 | 0 | 0 | |a Educación ambiental |9 262920 |
| 650 | 0 | 0 | |a Ecología marina |9 259946 |
| 650 | 0 | 0 | |a Geología marina |9 350527 |
| 650 | 0 | 0 | |a Oceanografía |9 260014 |
| 651 | 7 | |a CHILE |2 CL-VaPUC |9 620748 | |
| 942 | |c BK | ||
| 945 | |a cmena |d 20050617 00:00:00 | ||
| 546 | |a En Español | ||
| 536 | |a PUCV |9 606533 | ||
| 518 | |p Congreso de Ciencias del Mar, 25, Viña del Mar, 16 al 20 de mayo de 2005 | ||
| 518 | |p Congreso Latinoamericano de Ciencias del Mar, 11, Viña del Mar, 16 al 20 de mayo de 2005 | ||
| 999 | |c 384139 |d 384137 | ||
| 952 | |0 0 |1 0 |2 ddc |3 erb |4 0 |6 551_460070000000000_PON_2005 |7 0 |8 P |9 506626 |a BIBCUR |b BIBCUR |c PAC |i 5591368 |o 551.46007 PON 2005 |p 5591368 |r 2025-04-22 |w 2020-01-23 |y BK |z Catalogado en:20190617 |k CIM | ||